Statistics for 10 Most Populated Cities In A Country Beginning With 'N'

Click here to take the quiz!

General Stats

  • This quiz has been taken 16 times
  • The average score is 5 of 10

Answer Stats

PopAnswer% Correct
8.8 MillionLagos
93%
821000Amsterdam
67%
3.3 MillionPyongyang
67%
1.6 MillionAuckland
60%
2.9 MillionKano
60%
908000Managua
53%
2 MillionRotterdam
47%
1.8 MillionIbadan
40%
762000Benin City
33%
993000Kaduna
13%

Score Distribution

Percentile by Number Answered

Percent of People with Each Score

Your Score History

You have not taken this quiz